Testing women, testing the fetus : the social impact of amniocentesis in America

Saved in:
Bibliographic Details
Main Author: Rapp, Rayna
Format: Book
Language:English
Published: New York : Routledge, 2000, 1999
Series:Anthropology of everyday life
Subjects:
Tags: Add Tag
No Tags, Be the first to tag this record!

MARC

LEADER 00000nam a2200000 i 4500
001 1/70321
008 080115s20001999 eng d
020 |a 0-415-91645-3 
035 |l 10093648 
040 |a GR-MY-UA  |b gre  |e aacr 
041 0 |a eng 
082 0 |a 618.3204275  |2 (22) 
100 1 |a Rapp, Rayna. 
245 1 0 |a Testing women, testing the fetus :  |b the social impact of amniocentesis in America /  |c Rayna Rapp 
260 |a New York :   |b Routledge,   |c 2000, 1999 
300 |a xiii, 361 σ.;  |c 24 εκ. 
490 1 |a The anthropology of everyday life 
504 |a Βιβλιογραφία: σ. [330]-352 
504 |a Ευρετήριο: σ. 354-361 
650 0 0 |a Amniocentesis  |x Social aspects  |z United States. 
650 0 0 |a Amniocentesis. 
830 0 |a Anthropology of everyday life 
852 |a INST  |b LESVOS  |e 20080115  |h 618.3204275 RAP  |p 005100040317  |q 005100040317  |t BK  |y 0 
901 |a BIBL1-2008-1 
909 |a Λ  |b 142776 
922 |a 1ΕΛΗ  |b 200712  |c ΕΠΕΑΕΚ2/ΤΚΑ  |d ΕΛΕΥΘΕΡΟΥΔΑΚΗΣ 
970 |a ΚΑΡΑ  |b ΓΙΑΣΕΜΗ  |z 2008/01/15